000 02293cam a22004574i 4500
003 PE-LiUPU
005 20250731172858.0
008 150623s2011 r 000 0 d
020 _a0310259444
020 _a9780310259442
035 _a(Sirsi) a165785
040 _aPE-LiUPU
_bspa
_cPE-LiUPU
_erda
049 _aPRUA
082 0 4 _a200
_bH49
_223
100 1 _aHexham, Irving.,
_eautor.
245 1 0 _aUnderstanding world religions /
_cIrving Hexham.
264 1 _aGrand Rapids, Mich. :
_bZondervan,
_c2011.
300 _a512 páginas :
_bilustraciones ;
_c24 centímetros.
336 _atext
_2rdacontent
337 _aunmediated
_2rdamedia
338 _avolume
_2rdacarrier
504 _aIncluye referencias bibliográficas.
505 0 _apt. 1. Studying religion. Introductory issues in the study of religion -- A biased canon -- pt. 2. African traditions. African religious traditions -- Witchcraft and sorcery -- God in Zulu religion -- The case of Isaiah Shembe -- pt. 3. The Yogic tradition. The origins of yogic religions -- The richness of the Hindu tradition -- Rethinking the Hindu tradition -- Gandhi the great contrarian -- Buddhism -- The development of Buddhist belief and practice -- The moral quest of Edward Conze -- Other yogic-type traditions -- pt. 4. The Abramic tradition. Early Judaism -- Rabbinic and other Judaisms -- Jewish faith and practice -- Martin Buber's Zionist spirituality -- Christianity -- Christian history -- Christian faith and practice -- Christian politics according to Abraham Kuyper -- The challenge of Islam -- Muslim beliefs and practices -- Muslim piety -- Sayyid Qutb and the rebirth of contemporary Islam -- Conclusion: Whither religious studies?
526 _aSEG42
526 _aSEG41
526 _aSEG40
526 _aSEG39
526 _aP94
526 _aP87
526 _aP86
526 _aP85
526 _aP77
526 _aP76
526 _aP35
650 0 4 _aReligiones.
942 _2ddc
_cBOOK
994 _aC0
_bPEPRU
596 _a1
999 _a200 H49
_wLC
_c14533
_i74927
_d14533
_f2021-11-9
_g5
_lCCODEBUL1
_mBUL
_q1
_r0
_sY
_tBOOK
_u2016-12-29
_xTEOLOGIA
_PP85
_0COMPRA
_o.STAFF. Colección TEOLOGIA
980 _81
_gALBERTO SANCHEZ Responsable de Automatización